000 00467nam a2200145Ia 4500
003 OSt
005 20260123085921.0
008 211028s2016 xx 000 0 und d
040 _cAIMIT LIBRARY
041 _aeng
100 _aAlphonso, Aaron Benjamin; Wright Rowena.
_g1416010
_97430
245 _aStudy on the efficiency of training and development programs given by Lupin ltd to their employees /
260 _aMangalore
_bRowena Wright.
_c2016
942 _2ddc
_cPRO
999 _c219000
_d219000